00205nam a2200085Ia 450000100070000000500170000700800410002424500460006526000080011164282620250826153534.0250824s9999 xx 000 0 und d 0aGULLIVER İN GEZİLERİcERICH KASTNER bCAN